000 00959nam a2200253 a 4500
001 48904
003 BD-RjUL
005 20211209054614.0
008 190423s1951 pk a | 000 0 eng
020 _c: PRs. 1.80
035 _a(BD-RjUL)49023
040 _aBD-RjUL
_beng
_cBD-RjUL
_dBD-RjUL
041 _aeng
082 0 _223
_a332.7109549
_bSYR 1951
100 1 _aSyed, Hassan Ali
_9231053
245 _aReport on the need and supply of credit in the rural areas of the Punjab :
_bInquiry /
_cConducted by Hassan Ali Syed
260 _a[Lahore] :
_bBoard of Economic Inquiry, Punjab (Pakistan),
_c1951.
300 _aiv, 60, [4] p. :
_bill ;
_c25 cm.
490 _aThe Board of Economic Inquiry, Punjab (Pakistan) ;
_vPublication no. 101.
500 _a"Cover Title"
650 _aAgricultural credit
_zPakistan
_zPunjab.
_9231054
830 _aThe Board of Economic Inquiry, Punjab (Pakistan) ;
_vPublication no. 101.
_9231056
942 _2ddc
_cRAR
999 _c48904
_d48904